| 000 | 00473nam a22001697a 4500 | ||
|---|---|---|---|
| 003 | NUST - PNEC | ||
| 005 | 20170116181113.0 | ||
| 008 | 151004b xxu||||| |||| 00| 0 eng d | ||
| 020 | _a- | ||
| 040 | _cLIBRARY | ||
| 082 | _a658.5 KHA | ||
| 100 |
_913071 _aKhavin, A. |
||
| 245 |
_aFrom wooden plough to atomic power:the story of soviet industrialisation _cA. Khavin |
||
| 260 | _cc.1966 | ||
| 650 |
_913074 _aAtomic power & industrilisation _xEL , IME |
||
| 942 |
_2ddc _cBK |
||
| 999 |
_c69232 _d69232 |
||